Gaming Quiz

Random Gaming Quiz

Skyward Sword Locations Alphabetical Quiz Stats

 Plays Quiz not verified by Sporcle

Challenge
Share
Tweet
Embed
Score 0/87 Timer 15:00
0 Plays Today
Hint % Correct
A buddhist-looking temple and the fourth dungeon.Ancient Cistern
85.2%
The opposite to the surface.The Sky
79.5%
Buy potions and upgrade things here.Bazaar
75%
This place was also included in Twilight Princess.Faron Woods
75%
The first dungeon in the game.Skyview Temple
72.7%
A wast sea with awesome music.Lanayru Sand Sea
71.6%
Home to all humans and their Loftwings.Skyloft
69.3%
The second and fiery dungeon.Earth Temple
67%
Here you meet the disturbing boss three times.Sealed Grounds
67%
Home to the old woman.Sealed Temple
67%
A desert with birds throwing big rocks.Lanayru Desert
65.9%
The volcano where Mogmas live.Eldin Volcano
64.8%
The fifth dungeon and it's a ship.Sandship
63.6%
The third and the most colorful dungeon.Lanayru Mining Facility
62.5%
Mini-game island involving cutting bamboos.Bamboo Island
60.2%
Here you meet a Goron named Gorko.Behind the Temple
56.8%
Link and his friends lives and learns here.Knight Academy
54.5%
Parellas and the Water Dragon dwells here.Lake Floria
54.5%
Four realms called ....... Realm.Silent Realm
54.5%
Flying shop's resting place.Beedle's Island
53.4%
The final dungeon and you can move the rooms.Sky Keep
53.4%
The sixth and penultimate dungeonFire Sanctuary
52.3%
Inside the big and round cloud.Inside the Thunderhead
52.3%
You learn many songs here.Isle of Songs
50%
Friendly demon's residence.Batreaux's House
48.9%
Watch out for beehives and Bokoblins in theese woods.Deep Woods
48.9%
You are inside the volcano.Inside the Volcano
48.9%
Big round cloud northwest of Skyloft.Thunderhead
47.7%
Riding the mine carts here.Shipyard
46.6%
Hint % Correct
The opposite of the sky.The Surface
44.8%
Flying shop over Skyloft.Beedle's Airshop
44.3%
Inside a statue.Inside the Statue of the Goddess
44.3%
Home to the Thunder Dragon.Lanayru Gorge
44.3%
Mini-game island with a cannon.Fun Fun Island
43.2%
The statue of Skyloft.Statue of the Goddess
43.2%
The bar where you can buy pumpkin soup.The Lumpy Pumpkin
41.4%
The waterfall of FloriaFloria Waterfall
37.5%
The Goddess of Power's realm.Din's Silent Realm
36.4%
The Goddess of Courage's realm.Farore's Silent Realm
35.2%
Home to the captain and his family.Skipper's Retreat
35.2%
The Goddess of Wisdom's realm. Nayru's Silent Realm
34.1%
The temple that all know who played zelda games.Temple of Time
34.1%
The Goddess's temple.Temple of Hylia
31.8%
The west part of the desert.West Desert
31.8%
Ancient Robots works here.Lanayru Mine
30.7%
Inside the tree.Inside the Great Tree
29.5%
The north part of the desert.North Desert
29.5%
It's locked on the night.Bath
28.4%
Dead people lives here.Graveyard
28.4%
A place with four separate ways.Lanayru Caves
28.4%
A tower in Skyloft.Light Tower
28.4%
Weird-looking pirate place at the wast sea.Pirate Stronghold
28.4%
The spring of the woods.Skyview Spring
28.4%
Home to a little girl and her mother and father.Kukiel's House
27.3%
Link's Loftwing is trapped here.Waterfall
27.3%
You meet Skipper here for the first time.Ancient Harbor
25%
The spring of the volcano.Earth Spring
25%
The volcano's interior.Volcano Summit
25%
Hint % Correct
The final realm.Goddess's Silent Realm
23.9%
Outside the pumpkin bar.Pumpkin Landing
22.7%
Wing Ceremony starts here.The Plaza
22.7%
Here you can learn all about swords.Sparring Hall
21.6%
The east part of the volcano.Volcano East
21.6%
You fight the final boss here.Hylia's Realm
20.5%
Strich has his own mini-game here.Bug Rock
18.2%
Entry to the desert.Desert Entrance
18.2%
The way to the Temple of TimeDesert Gorge
17%
Home to the Item Check Girl.Item Check Girl Peatrice's House
17%
The big tree in the woods.The Great Tree
17%
A part of the Shipyard.Construction Bay
15.9%
Inside the sixth dungeon.Inside Fire Sanctuary
15.9%
The entrance to the woods.Faron Woods Entry
14.8%
Home to the Fortune-TellerFortune-Teller Sparrot's House
14.8%
Top of the Great Tree.Great Tree Top
14.8%
Entry to the mine.Lanayru Mine Entry
14.8%
You must go here if you have eaten.Restroom
13.6%
Home to the guy with the robot.Scrap Shop Owner Gondo's House
13.6%
Merchant's home where you can buy treasures.Gear Peddler Rupin's House
12.5%
A part in the woods.In the Woods
12.5%
Entry to the second dungeon.Temple Entrance
12.5%
Stone building in the desert.Stone Cache
10.2%
Home to a chef and her son.Piper's House
9.1%
Entry to the deepest part of the woods.Viewing Platform
9.1%
You begin climbing the volcano here.Volcano Ascent
9.1%
Home to two siblings.Orielle & Parrow's House
8%
The center of Shipyard.Shipyard Center
5.7%
The base of the volcano.Volcano Entry
5.7%

You're not logged in!

Compare scores with friends on all Sporcle quizzes.
Join for Free
OR
Log In

You Might Also Like...

Show Comments

Extras

Top Quizzes Today


Score Distribution

Your Account Isn't Verified!

In order to create a playlist on Sporcle, you need to verify the email address you used during registration. Go to your Sporcle Settings to finish the process.

Report this User

Report this user for behavior that violates our Community Guidelines.

Details: